000 00836nam a22002537a 4500
001 124481
003 UA-OsUOA
005 20220410175948.0
007 ta
008 20170811b un ||||| |||| 00| 0 ukr d
020 _a9665790006
040 _aUA-OsUOA
_bukr
_cUA-OsUOA
_dUA-OsUOA
041 _aukr
080 _a82.09(091)(477)
090 _a82.09(091)(477)
_bІ-99
245 _aІсторія української літератури ХХ століття
_bнавчальний посібник
_cза ред. В. І. Кузьменка
260 _aК.
_bКСУ
_c2007
300 _a374 с.
650 7 _a82 Література. Літературознавство
_2UDC
700 1 _aКузьменко В. І.
_eред.
942 _cBK
_2udc
955 _a2
999 _c411662
_d411662